000 01216 a2200265 4500
001 47005
005 20260407155739.0
008 260407a1970 arg spa d
003 AR-UNSa-BCEJYS
040 _aAR-UNSa-BCEJYS
_bspa
_cAR-UNSa-BCEJYS
080 _a330.1
_xCiencia económica. Conceptos fundamentales de teoría económica. Valor. Capital. Fondos
245 1 0 _aPanoramas contemporáneos de la teoría económica
_pVolumen I
264 1 _aMadrid :
_bAlianza Editorial
_c1970
300 _a328 p.
_c20 cm.
505 _a1.Teoría y política monetaria / Harry G. Johnson - 2. Una visión panorámica de la teoría de la inflación / Martín Bronfenbrenner y Franklyn D. Holzman - 3. Teorías recientes relativas a la naturaleza y el papel del interés /G. L. S. Shackle - 4. Panorama de la teoría económica del bienestar, 1939-59 / E. J. Mishan -
041 _aspa
942 _cBK
590 _aniveau_biblio:m niveau_hierar:0
100 1 _aJohnson, Harry G.
700 1 _aBronfenbrenner, M.
700 1 _aHolzman, Franklyn D.
700 1 _aShackle, G.L.S.
700 1 _aMishan, E. J.
856 4 1 _uhttps://www.biblioeco.unsa.edu.ar/pmb/images/libros/L127371.jpg
_yImagen de portada
_qimage/jpeg
999 _c4270
_d4270